00396nam a2200157Ia 4500003000400000008004100004040001600045082001300061100002200074245004500096700001900141260003100160300001000191650001500201650002200216GCL140319s9999 xx 000 0 eng d aGCL / cGCL04a843bP P1 aPASO, FERMAND DEL10aPALINURE DE MEXICO / cPASO, FERMAND DEL1 aBIBARD, MICHEL a[S.N] : bFAYARD ، c1995 a628 P04aLITERATURE04aFRENCH LITERATURE